000 01267cam a22003853a 4500
001 13682306
003 OSt
005 20140310184418.0
008 031124s2003 nyu j 000 1 eng d
010 _a 2004596391
020 _a0439425093
035 _a(OCoLC)ocm53675063
040 _aORX
_cORX
_dJED
_dDLC
042 _alccopycat
050 0 0 _aPZ 7
_b.B872Ec 2003
100 1 _aBrooke, Lauren.
_922844
245 1 0 _aEverything changes /
_cby Lauren Brooke.
260 _aNew York, NY :
_bScholastic,
_cc2003.
300 _a162 p. ;
_c20 cm.
490 1 _aHeartland ;
_v14
521 1 _aG4
526 _c640
562 _eFor Circulation. 1 Copy in the collection
650 0 _aHeartland (Va. : Imaginary place)
_vJuvenile fiction.
_926528
650 0 _aHorses
_vJuvenile fiction.
_926529
655 7 _aChildren's stories.
_2lcsh
_93012
710 2 _aCopyright Paperback Collection (Library of Congress)
_5DLC
_9705
800 1 _aBrooke, Lauren.
_tHeartland ;
_v14.
_926530
856 4 2 _3Publisher description
_uhttp://www.loc.gov/catdir/description/schol051/2004596391.html
906 _a7
_bcbc
_ccopycat
_d2
_encip
_f20
_gy-genrareb
942 _2lcc
_cBK-SCHOLAS
999 _c34188
_d34188